Spleť otázok

Bibliographic Details
Main Author: Ferko, Andrej, 1955- (Author)
Format: Article
Language:Slovak
Subjects:

MARC

LEADER 00000nab a2200000 a 4500
001 vtls000652612
003 SK-MaSNL
005 20260304091731.0
008 250425c1997 xo 0 slo
015 |a SNBRA1998/02-04854 
035 |a CLN000004806 
035 |a urn:nbn:sk:snk-ab7eku 
035 |a (uuid)a363b78b-73b7-4ec7-8ad7-7ab24f1c9a24 
035 |a (urnnbn)urn:nbn:sk:snk:ar-a07x6w 
035 |a (sysno)vtls000652612 
040 |a SNKBUCL  |b slo  |c SNKBUCL  |e AACR2 
041 0 |a slo 
044 |a xo  |c SK 
080 |a 82.09:885.4-1  |2 1997 
080 |a 885.4-1.09  |2 1997 
100 1 |a Ferko, Andrej,  |d 1955-  |4 aut  |9 103705 
245 1 0 |a Spleť otázok  |c Andrej Ferko 
300 |b Fotogr. 
600 1 7 |a Kubica, Marián,  |d 1955-2012  |t Pro- programovo  |2 snkbucl  |9 1384500 
655 7 |a články z novín a časopisov  |2 snkbucl  |9 267496 
773 0 |t Literika  |g Roč. 2, č. 4 (1997), s. 95  |x 1335-180X 
850 |a Slovenská národná knižnica 
852 |a Slovenská národná knižnica 
954 |a odborná, vedecká literatúra pôvodná (slovenská)  |2 lita 
958 |a article27 
958 |a LX 
958 |a SK 
958 |a OND 
958 |a EUIPO 
999 |c 2816632  |d 2818562